Mechanics of solids theory and problems (Record no. 304084)

000 -LEADER
fixed length control field 00279 a2200109 4500
001 - CONTROL NUMBER
control field 69011
082 ## - DEWEY DECIMAL CLASSIFICATION NUMBER
Classification number 620.1122 SIN
090 ## - LOCALLY ASSIGNED LC-TYPE CALL NUMBER (OCLC); LOCAL CALL NUMBER (RLIN)
-- 38671
-- 38671
100 ## - MAIN ENTRY--PERSONAL NAME
Personal name Singh D.K
245 ## - TITLE STATEMENT
Title Mechanics of solids theory and problems
260 ## - PUBLICATION, DISTRIBUTION, ETC.
Name of publisher, distributor, etc. Pearson education asia
Place of publication, distribution, etc. New Delhi
Date of publication, distribution, etc. 2002
942 ## - ADDED ENTRY ELEMENTS (KOHA)
Institution code [OBSOLETE] NUST-CAE
Call number prefix 620.1122 SIN
Holdings
Withdrawn status Lost status Damaged status Not for loan Collection code Permanent Location Current Location Date acquired Total Checkouts Full call number Barcode Date last seen Price effective from Koha item type
          College of Aeronautical Engineering (CAE) College of Aeronautical Engineering (CAE) 04/03/2017   620.1122 SIN CAEN-3142 04/05/2017 04/05/2017 Book
© 2023 Central Library, National University of Sciences and Technology. All Rights Reserved.